[Event "TUR-ch (Women)"]
[Site "Aksu"]
[Date "2017.03.07"]
[Round "3"]
[White "Menzi, Nezihe Ezgi"]
[Black "Sural, Ceren"]
[Result "0-1"]
[WhiteElo "1916"]
[BlackElo "1463"]
[PlyCount "127"]
[EventDate "2017.03.06"]
[EventType "swiss"]
[EventRounds "9"]
[EventCountry "TUR"]
[SourceTitle "CBM 177 Extra"]
[Source "ChessBase"]
[SourceDate "2017.04.27"]
[SourceVersion "1"]
[SourceVersionDate "2017.04.27"]
[SourceQuality "1"]

1. e4 d5 2. exd5 Qxd5 3. Nc3 Qd8 4. d4 Nf6 5. Nf3 g6 6. Bc4 Bg7 7. 0-0 0-0 8. Bf4 a6 9. a4 b6 10. Re1 Bb7 11. Ne5 e6 12. Qd2 Nbd7 13. Rad1 Nxe5 14. dxe5 Qxd2 15. Rxd2 Nh5 16. Bg5 h6 17. Be7 Rfe8 18. Rd7 Rac8 19. Ba3 Red8 20. Rd3 Rxd3 21. Bxd3 Nf4 22. Bf1 Rd8 23. b3 Rd2 24. Bc1 Rxc2 25. Nb1 g5 26. h4 Rc5 27. hxg5 hxg5 28. g3 Ng6 29. Bxg5 Nxe5 30. Nd2 Rc2 31. Bg2 Bxg2 32. Kxg2 Nd3 33. Rd1 Nc5 34. Bd8 Bh6 35. Nf3 Nxb3 36. Ne5 Bg7 37. Ng4 b5 38. axb5 axb5 39. Nf6+ Bxf6 40. Bxf6 Rc1 41. Rd3 Nc5 42. Rd4 Rc4 43. Rxc4 bxc4 44. Kf3 Nd7 45. Bd8 c6 46. Ke4 c3 47. Kd3 Nc5+ 48. Kc2 Ne4 49. Bb6 f5 50. Be3 Kf7 51. Kd3 Kg6 52. g4 Nf6 53. gxf5+ Kxf5 54. Bc1 Nd5 55. Ba3 Kf4 56. Kd4 Kf3 57. Ke5 Nf4 58. Kd6 c2 59. Bc1 Nd3 60. Bd2 e5 61. Kxc6 c1Q+ 62. Bxc1 Nxc1 63. Kd5 e4 64. Kd6 0-1

[Event "EU-chT U18 Girls"]
[Site "Celje"]
[Date "2016.07.15"]
[Round "6.1"]
[White "Kanakova, Natalie"]
[Black "Menzi, Nezihe Ezgi"]
[Result "1-0"]
[WhiteElo "2109"]
[BlackElo "1959"]
[PlyCount "47"]
[EventDate "2016.07.10"]
[EventType "team-swiss"]
[EventRounds "7"]
[EventCountry "SLO"]
[SourceTitle "CBM 173 Extra"]
[Source "ChessBase"]
[SourceDate "2016.08.29"]
[SourceVersion "1"]
[SourceVersionDate "2016.08.29"]
[SourceQuality "1"]
[WhiteTeam "Czech Republic U18 Girls"]
[BlackTeam "Turkey U18 Girls II"]
[WhiteTeamCountry "CZE"]
[BlackTeamCountry "TUR"]

1. e4 c5 2. Nf3 e6 3. d4 cxd4 4. Nxd4 a6 5. Nc3 Qc7 6. Bd3 Nf6 7. 0-0 d6 8. f4 Nbd7 9. Qe1 b5 10. Nf3 Bb7 11. e5 dxe5 12. fxe5 Ng4 13. Be4 b4 14. Bxb7 Qxb7 15. Ne4 Ngxe5 16. Nxe5 Nxe5 17. Ng5 f6 18. Kh1 Qd5 19. Bf4 h6 20. Rd1 Qc6 21. Ne4 Be7 22. Bxe5 fxe5 23. Qe2 h5 24. Qf3 1-0

[Event "EU-chT U18 Girls"]
[Site "Celje"]
[Date "2016.07.10"]
[Round "1.1"]
[White "Lahav, Michal"]
[Black "Menzi, Nezihe Ezgi"]
[Result "1/2-1/2"]
[WhiteElo "2107"]
[BlackElo "1959"]
[PlyCount "100"]
[EventDate "2016.07.10"]
[EventType "team-swiss"]
[EventRounds "7"]
[EventCountry "SLO"]
[SourceTitle "CBM 173 Extra"]
[Source "ChessBase"]
[SourceDate "2016.08.29"]
[SourceVersion "1"]
[SourceVersionDate "2016.08.29"]
[SourceQuality "1"]
[WhiteTeam "Israel U18 Girls"]
[BlackTeam "Turkey U18 Girls II"]
[WhiteTeamCountry "ISR"]
[BlackTeamCountry "TUR"]

1. e4 c5 2. Nf3 d6 3. d4 cxd4 4. Nxd4 Nf6 5. Nc3 g6 6. Be3 Bg7 7. f3 Nc6 8. Qd2 Bd7 9. g4 Rc8 10. h4 Ne5 11. h5 Nc4 12. Bxc4 Rxc4 13. h6 Bf8 14. 0-0-0 a6 15. g5 Nh5 16. Nde2 Qa5 17. e5 Rc6 18. Nd4 Rxc3 19. bxc3 Qxa2 20. Nb3 Bf5 21. Qf2 e6 22. Nd4 dxe5 23. Nxf5 Ba3+ 24. Kd2 exf5 25. Ke1 0-0 26. Bc5 Re8 27. Bxa3 Qxa3 28. Qd2 Nf4 29. Rh2 Qc5 30. Kf1 Qc6 31. Kf2 Ne6 32. Kg3 f4+ 33. Kg4 Nc5 34. Qd5 Qc8+ 35. Kh4 Na4 36. Qd7 Nxc3 37. Qxc8 Rxc8 38. Rd7 b6 39. Rhd2 Kf8 40. Rd8+ Rxd8 41. Rxd8+ Ke7 42. Rh8 e4 43. Kh3 exf3 44. Rxh7 Ne4 45. Kh2 Nxg5 46. Rh8 Kf6 47. Kg1 Kf5 48. Rb8 b5 49. Ra8 Kg4 50. Rxa6 b4 1/2-1/2

[Event "Goch op 26th"]
[Site "Goch"]
[Date "2015.09.04"]
[Round "2"]
[White "Menzi, Nezihe Ezgi"]
[Black "Remy, Jochen"]
[Result "1-0"]
[WhiteElo "1849"]
[BlackElo "1984"]
[PlyCount "53"]
[EventDate "2015.09.03"]
[EventType "swiss"]
[EventRounds "7"]
[EventCountry "GER"]
[SourceTitle "EXT 2018"]
[Source "ChessBase"]
[SourceDate "2017.10.13"]
[SourceVersion "1"]
[SourceVersionDate "2017.10.13"]
[SourceQuality "1"]

1. e4 c5 2. Nf3 d6 3. Bb5+ Nc6 4. 0-0 Nf6 5. e5 Nd5 6. d4 cxd4 7. Nxd4 Bd7 8. exd6 exd6 9. Nf3 Nc7 10. Bxc6 bxc6 11. Re1+ Be6 12. Nd4 Qd7 13. f4 0-0-0 14. Nc3 d5 15. Qd3 f6 16. Rxe6 Nxe6 17. Qa6+ Qb7 18. Qxb7+ Kxb7 19. Nxe6 Re8 20. Nxf8 Rhxf8 21. Kf2 g5 22. Be3 Rf7 23. f5 h5 24. Bd4 c5 25. Bxc5 Re5 26. Kg1 Rxf5 27. Nb5 1-0

[Event "TUR-chT"]
[Site "Kocaeli"]
[Date "2015.08.12"]
[Round "10.8"]
[White "Menzi, Nezihe Ezgi"]
[Black "Celik, Eda"]
[Result "1-0"]
[WhiteElo "1913"]
[BlackElo "1656"]
[PlyCount "87"]
[EventDate "2015.08.04"]
[EventType "team-tourn"]
[EventRounds "13"]
[EventCountry "TUR"]
[SourceTitle "CBM 167 Extra"]
[Source "ChessBase"]
[SourceDate "2015.09.14"]
[SourceVersion "1"]
[SourceVersionDate "2015.09.14"]
[SourceQuality "1"]
[WhiteTeam "Deniz Su Aquamatch"]
[BlackTeam "Pamukkale Yonetimi"]
[WhiteTeamCountry "TUR"]
[BlackTeamCountry "TUR"]

1. e4 e5 2. Nf3 Nc6 3. Bb5 a6 4. Ba4 Nf6 5. 0-0 Be7 6. Re1 b5 7. Bb3 d6 8. c3 0-0 9. h3 Na5 10. Bc2 c5 11. d4 Qc7 12. d5 Bd7 13. b3 Nb7 14. Bg5 c4 15. b4 a5 16. Nbd2 Ra6 17. a3 Rfa8 18. Rc1 axb4 19. axb4 Qd8 20. Nf1 Nh5 21. Be3 g6 22. Kh2 Ra3 23. Bb1 Qf8 24. Qd2 f6 25. g4 Ng7 26. Ng3 Nd8 27. Rg1 Nf7 28. Rg2 Qb8 29. Rcg1 Ra1 30. Nf5 Nxf5 31. gxf5 g5 32. h4 h6 33. hxg5 hxg5 34. Nxg5 Nxg5 35. Bxg5 Kf7 36. Bh6 Bf8 37. Rg7+ Ke8 38. Rg8 Kf7 39. Bxf8 Qxf8 40. Rxf8+ Rxf8 41. Qh6 Raa8 42. Bc2 Rab8 43. Bd1 Ke7 44. Bh5 1-0

[Event "SRB Central-ch op-B 8th"]
[Site "Paracin"]
[Date "2015.07.10"]
[Round "9"]
[White "Menzi, Nezihe Ezgi"]
[Black "Petrovic, Marija"]
[Result "1/2-1/2"]
[WhiteElo "1807"]
[BlackElo "2073"]
[PlyCount "60"]
[EventDate "2015.07.03"]
[EventType "swiss"]
[EventRounds "9"]
[EventCountry "SRB"]
[SourceTitle "CBM 167 Extra"]
[Source "ChessBase"]
[SourceDate "2015.09.14"]
[SourceVersion "1"]
[SourceVersionDate "2015.09.14"]
[SourceQuality "1"]

1. e4 e5 2. Nf3 Qe7 3. Nc3 c6 4. Be2 d6 5. d4 h6 6. 0-0 Nf6 7. h3 Qc7 8. Be3 Be7 9. Qd2 Nbd7 10. Rad1 g5 11. Nh2 Nf8 12. Ng4 Nxg4 13. hxg4 Ng6 14. g3 Bd7 15. Kg2 b6 16. Rh1 0-0-0 17. d5 c5 18. Ba6+ Kb8 19. Nb5 Bxb5 20. Bxb5 Rdg8 21. Qe2 h5 22. gxh5 Nf4+ 23. gxf4 gxf4+ 24. Kf1 fxe3 25. Qxe3 Bg5 26. Qh3 Bf4 27. Ke2 Qb7 28. Rdg1 Rxg1 29. Rxg1 a6 30. Bc6 Qe7 1/2-1/2

[Event "SRB Central-ch op-B 8th"]
[Site "Paracin"]
[Date "2015.07.07"]
[Round "6"]
[White "Menzi, Nezihe Ezgi"]
[Black "Arandjelovic, Aleksandar Z"]
[Result "1/2-1/2"]
[WhiteElo "1807"]
[BlackElo "2032"]
[PlyCount "51"]
[EventDate "2015.07.03"]
[EventType "swiss"]
[EventRounds "9"]
[EventCountry "SRB"]
[SourceTitle "CBM 167 Extra"]
[Source "ChessBase"]
[SourceDate "2015.09.14"]
[SourceVersion "1"]
[SourceVersionDate "2015.09.14"]
[SourceQuality "1"]

1. e4 c5 2. Nf3 d6 3. d4 cxd4 4. Nxd4 Nf6 5. f3 e5 6. Bb5+ Bd7 7. Bxd7+ Nbxd7 8. Nf5 Qc7 9. Nc3 a6 10. Bg5 Rc8 11. Qd3 h6 12. Bh4 g6 13. Ne3 Nh5 14. Ned5 Qc4 15. Qxc4 Rxc4 16. 0-0-0 b5 17. a3 Nf4 18. Nxf4 exf4 19. Bf2 f6 20. Nd5 g5 21. Bd4 Kf7 22. h4 Rg8 23. hxg5 hxg5 24. b3 Rc8 25. Kb2 Kg6 26. Rd3 1/2-1/2

[Event "World School-ch U17 Girls 11th"]
[Site "Pattaya"]
[Date "2015.05.10"]
[Round "6"]
[White "Ovezova, Mengli"]
[Black "Menzi, Nezihe Ezgi"]
[Result "1-0"]
[WhiteElo "1931"]
[BlackElo "1864"]
[PlyCount "77"]
[EventDate "2015.05.07"]
[EventType "swiss"]
[EventRounds "9"]
[EventCountry "THA"]
[SourceTitle "CBM 166 Extra"]
[Source "ChessBase"]
[SourceDate "2015.06.18"]
[SourceVersion "1"]
[SourceVersionDate "2015.06.18"]
[SourceQuality "1"]

1. d4 Nf6 2. Nf3 g6 3. g3 Bg7 4. Bg2 0-0 5. 0-0 d6 6. c4 c6 7. Nc3 Qa5 8. Bd2 Qh5 9. Qc2 Bh3 10. Ne4 h6 11. Nxf6+ Bxf6 12. Bc3 Nd7 13. Rfd1 Bg7 14. d5 Nf6 15. dxc6 bxc6 16. Nd4 Bxg2 17. Kxg2 Ng4 18. Nf3 Qc5 19. Bd4 Bxd4 20. Rxd4 f5 21. b4 Qb6 22. c5 Qb7 23. cxd6 e5 24. Rc4 e4 25. Nd4 Ne5 26. Rc5 Qg7 27. Ne6 Qf6 28. Nxf8 Rxf8 29. Qc3 Re8 30. d7 Nxd7 31. Qxf6 Nxf6 32. Rxc6 Kf7 33. Rd1 e3 34. f3 g5 35. Rdd6 Ng8 36. Rc7+ Kf8 37. Rxa7 Rc8 38. b5 Ne7 39. Rf6+ 1-0

[Event "Erfurt U20 Girls 3rd"]
[Site "Erfurt"]
[Date "2014.08.31"]
[Round "9"]
[White "Heinemann, Josefine"]
[Black "Menzi, Nezihe Ezgi"]
[Result "1-0"]
[WhiteElo "2043"]
[BlackElo "1866"]
[PlyCount "143"]
[EventDate "2014.08.25"]
[EventType "tourn"]
[EventRounds "9"]
[EventCountry "GER"]
[SourceTitle "CBM 162 Extra"]
[Source "ChessBase"]
[SourceDate "2014.10.17"]
[SourceVersion "1"]
[SourceVersionDate "2014.10.17"]
[SourceQuality "1"]

1. e4 e5 2. Nf3 Nc6 3. Bb5 a6 4. Ba4 Nf6 5. 0-0 b5 6. Bb3 Bb7 7. d3 Bc5 8. a3 d6 9. Nc3 h6 10. Ne2 0-0 11. Be3 Ba7 12. Ng3 Ne7 13. a4 c5 14. Nh4 c4 15. dxc4 bxc4 16. Bxc4 Bxe3 17. fxe3 Nxe4 18. Rxf7 Rxf7 19. Bxf7+ Kxf7 20. Qf3+ Kg8 21. Nxe4 Rb8 22. Rf1 Bd5 23. Qg4 Bxe4 24. Qxe4 Rxb2 25. Qc4+ d5 26. Qxa6 Rb6 27. Qe2 Rb4 28. Qh5 Rxa4 29. Nf3 Nc6 30. Nxe5 Nxe5 31. Qxe5 Re4 32. Qc3 Qg5 33. Rf3 Kh7 34. Qd3 Qh4 35. g3 Qg5 36. Rf4 Qg6 37. Rxe4 dxe4 38. Qd5 Qg4 39. c4 Kh8 40. c5 Qe2 41. Qxe4 Qe1+ 42. Kg2 Qe2+ 43. Kh3 Qh5+ 44. Qh4 Qf5+ 45. Kg2 Qc2+ 46. Kf3 Qf5+ 47. Qf4 Qxc5 48. Qb8+ Kh7 49. Qb1+ Kh8 50. Qd3 Qc6+ 51. e4 Qf6+ 52. Kg2 Qe5 53. Qd5 Qb2+ 54. Kh3 Qe2 55. Qf5 g5 56. Qf8+ Kh7 57. Qf7+ Kh8 58. Qe8+ Kg7 59. e5 Qf1+ 60. Kg4 Qe2+ 61. Kf5 Qf2+ 62. Ke6 Qb6+ 63. Kd5 Qa5+ 64. Kd6 Qb6+ 65. Qc6 Qd4+ 66. Ke6 Qg4+ 67. Ke7 Qb4+ 68. Qd6 Qb7+ 69. Qd7 Qb4+ 70. Kd8+ Kg8 71. Qe8+ Kg7 72. Qe7+ 1-0

[Event "World ol U16 12th"]
[Site "Chongqing"]
[Date "2013.07.25"]
[Round "5"]
[White "Das, Sayantan"]
[Black "Menzi, Nezihe Ezgi"]
[Result "1-0"]
[WhiteElo "2368"]
[BlackElo "1913"]
[PlyCount "55"]
[EventDate "2013.07.22"]
[EventType "team-swiss"]
[EventRounds "10"]
[EventCountry "CHN"]
[SourceTitle "CBM 155 Extra"]
[Source "ChessBase"]
[SourceDate "2013.08.26"]
[SourceVersion "1"]
[SourceVersionDate "2013.08.26"]
[SourceQuality "1"]
[WhiteTeam "India (U16)"]
[BlackTeam "Turkey (U16)"]
[WhiteTeamCountry "IND"]
[BlackTeamCountry "TUR"]

1. e4 c5 2. Nc3 Nc6 3. f4 g6 4. Nf3 Bg7 5. Bb5 Nd4 6. 0-0 Nxb5 7. Nxb5 d6 8. d3 e6 9. e5 d5 10. Nd6+ Kf8 11. b4 cxb4 12. a3 Nh6 13. axb4 Nf5 14. Nxf5 gxf5 15. Be3 b6 16. Nd4 Bd7 17. c4 dxc4 18. dxc4 Qc7 19. c5 bxc5 20. bxc5 Rc8 21. c6 Be8 22. Nb5 Qxc6 23. Nxa7 Qc3 24. Bd4 Qc2 25. Nxc8 Qxc8 26. Qc1 Bc6 27. Qc5+ Ke8 28. Rfc1 1-0

[Event "TUR-chT"]
[Site "Denizli"]
[Date "2013.07.03"]
[Round "5.10"]
[White "Okuyaz, Duru"]
[Black "Menzi, Nezihe Ezgi"]
[Result "0-1"]
[WhiteElo "1612"]
[BlackElo "1890"]
[PlyCount "64"]
[EventDate "2013.06.29"]
[EventType "team-tourn"]
[EventRounds "13"]
[EventCountry "TUR"]
[SourceTitle "CBM 155 Extra"]
[Source "ChessBase"]
[SourceDate "2013.08.26"]
[SourceVersion "1"]
[SourceVersionDate "2013.08.26"]
[SourceQuality "1"]
[WhiteTeam "Tarsus Zeka"]
[BlackTeam "Pera Spor"]
[WhiteTeamCountry "TUR"]
[BlackTeamCountry "TUR"]

1. e4 c5 2. Nf3 d6 3. d4 cxd4 4. Nxd4 Nf6 5. Nc3 g6 6. Be2 Bg7 7. 0-0 0-0 8. Re1 Nc6 9. Nb3 Be6 10. Bg5 a5 11. a4 Ne5 12. Nd5 Bxd5 13. exd5 Rc8 14. Qd2 Ne4 15. Qe3 Nxg5 16. Qxg5 Rxc2 17. Rab1 Qb6 18. Qe3 Qb4 19. h3 Rxb2 20. Bb5 Rxb1 21. Rxb1 Nc4 22. Bxc4 Qxc4 23. Nxa5 Qxa4 24. Nb3 Qc4 25. Qxe7 Qxd5 26. Qe3 Rc8 27. Qd2 Qf5 28. Rc1 Be5 29. Rxc8+ Qxc8 30. g4 Qc3 31. Qa2 Qxh3 32. Qa8+ Kg7 0-1

[Event "World School-ch U15 Girls 9th"]
[Site "Porto Carras"]
[Date "2013.05.14"]
[Round "9"]
[White "Drogovoz, Irina"]
[Black "Menzi, Nezihe Ezgi"]
[Result "1-0"]
[WhiteElo "1965"]
[BlackElo "1904"]
[PlyCount "79"]
[EventDate "2013.05.07"]
[EventType "swiss"]
[EventRounds "9"]
[EventCountry "GRE"]
[SourceTitle "CBM 154 Extra"]
[Source "ChessBase"]
[SourceDate "2013.06.25"]
[SourceVersion "2"]
[SourceVersionDate "2013.06.25"]
[SourceQuality "1"]

1. e4 e5 2. Nf3 Nc6 3. Nc3 Nf6 4. Bb5 Bb4 5. 0-0 0-0 6. d3 d6 7. Bg5 Be6 8. Nd5 Bxd5 9. exd5 Nb8 10. c3 Ba5 11. d4 e4 12. Nd2 c6 13. Bc4 Re8 14. Re1 h6 15. Bxf6 Qxf6 16. Nxe4 Qg6 17. Bd3 f5 18. Ng3 Rf8 19. Qb3 b6 20. dxc6+ Kh8 21. d5 Na6 22. Bxa6 f4 23. Re6 Qg4 24. f3 Qh4 25. Nf1 b5 26. Qc2 Bb6+ 27. Kh1 Rae8 28. Rae1 Qxe1 29. Rxe1 Rxe1 30. Bxb5 Rfe8 31. h4 R8e5 32. Qd2 g5 33. h5 Ra1 34. Qd3 Ree1 35. Qg6 Rxf1+ 36. Bxf1 Rxf1+ 37. Kh2 Bg1+ 38. Kh3 g4+ 39. Kxg4 Rf2 40. Kf5 1-0

[Event "Skopje Karposh op"]
[Site "Skopje"]
[Date "2013.03.13"]
[Round "6"]
[White "Nisic, Miroslav"]
[Black "Menzi, Nezihe Ezgi"]
[Result "0-1"]
[WhiteElo "2079"]
[BlackElo "1889"]
[PlyCount "90"]
[EventDate "2013.03.09"]
[EventType "swiss"]
[EventRounds "9"]
[EventCountry "MKD"]
[SourceTitle "CBM 153 Extra"]
[Source "ChessBase"]
[SourceDate "2013.04.22"]
[SourceVersion "1"]
[SourceVersionDate "2013.04.22"]
[SourceQuality "1"]

1. d4 Nf6 2. c4 g6 3. g3 Bg7 4. Bg2 0-0 5. Nc3 d6 6. Nf3 Nbd7 7. 0-0 e5 8. dxe5 dxe5 9. e4 c6 10. Qc2 Qc7 11. b3 Rd8 12. Rd1 Nc5 13. Bg5 Bg4 14. h3 Bxf3 15. Bxf3 Ne6 16. Bxf6 Bxf6 17. Ne2 Rxd1+ 18. Rxd1 Rd8 19. b4 Nd4 20. Nxd4 Rxd4 21. Rxd4 exd4 22. c5 Qd7 23. Bg4 d3 24. Qa4 Qd4 25. Bf3 d2 26. Kg2 Kg7 27. Qb3 Qc3 28. Bd1 Qxb3 29. Bxb3 Bc3 30. a3 Bb2 31. a4 Ba3 32. b5 Bxc5 33. f4 f6 34. Kf3 cxb5 35. axb5 Kf8 36. Ke2 Bb4 37. Bd5 b6 38. g4 g5 39. fxg5 fxg5 40. Bb3 Ke7 41. Kd3 Kd6 42. Bd1 Ke5 43. Bc2 h6 44. Kc4 Bd6 45. Bd1 Kf4 0-1

[Event "Skopje Karposh op"]
[Site "Skopje"]
[Date "2013.03.09"]
[Round "1"]
[White "Jacimovic, Dragoljub"]
[Black "Menzi, Nezihe Ezgi"]
[Result "1-0"]
[WhiteElo "2433"]
[BlackElo "1889"]
[PlyCount "79"]
[EventDate "2013.03.09"]
[EventType "swiss"]
[EventRounds "9"]
[EventCountry "MKD"]
[SourceTitle "CBM 153 Extra"]
[Source "ChessBase"]
[SourceDate "2013.04.22"]
[SourceVersion "1"]
[SourceVersionDate "2013.04.22"]
[SourceQuality "1"]

1. d4 Nf6 2. c4 g6 3. Nc3 Bg7 4. e4 d6 5. Nf3 0-0 6. Be2 e5 7. d5 a5 8. h3 Na6 9. Bg5 Qe8 10. g4 Nc5 11. Nd2 c6 12. Be3 cxd5 13. cxd5 Bd7 14. g5 Nh5 15. Bxh5 Nd3+ 16. Kf1 gxh5 17. Nc4 Nf4 18. Nxd6 Qe7 19. Bxf4 exf4 20. Nf5 Bxf5 21. exf5 Qxg5 22. Qd3 Rfe8 23. Rg1 Qf6 24. Ne4 Qxf5 25. Qc3 Re5 26. Nd6 Qf6 27. Nc4 Rg5 28. Qxf6 Rxg1+ 29. Kxg1 Bxf6 30. a4 Rc8 31. Nxa5 Rc2 32. Rd1 Bh4 33. d6 Bxf2+ 34. Kh1 Bb6 35. Nxb7 f3 36. d7 f2 37. d8Q+ Bxd8 38. Rxd8+ Kg7 39. Kg2 Rxb2 40. Nc5 1-0

[Event "TUR-ch"]
[Site "Antalya"]
[Date "2013.02.05"]
[Round "6"]
[White "Sehitogullari, Halil"]
[Black "Menzi, Nezihe Ezgi"]
[Result "0-1"]
[WhiteElo "1751"]
[BlackElo "1872"]
[PlyCount "58"]
[EventDate "2013.02.02"]
[EventType "swiss"]
[EventRounds "11"]
[EventCountry "TUR"]
[SourceTitle "CBM 152 Extra"]
[Source "ChessBase"]
[SourceDate "2013.02.25"]
[SourceVersion "1"]
[SourceVersionDate "2013.02.25"]
[SourceQuality "1"]

1. e4 c5 2. Nf3 d6 3. d4 cxd4 4. Nxd4 Nf6 5. Nc3 g6 6. Be3 Bg7 7. f3 Nc6 8. Qd2 0-0 9. Bc4 Bd7 10. Bb3 a5 11. g4 a4 12. Bc4 Qa5 13. h4 Rfc8 14. Be2 a3 15. b3 Nxd4 16. Bxd4 e5 17. g5 Nh5 18. Nd5 Qxd2+ 19. Kxd2 exd4 20. Ne7+ Kf8 21. Nxc8 Rxc8 22. Bd3 Nf4 23. Rag1 Be5 24. Bc4 b5 25. Bf1 Rc3 26. Bd3 Nxd3 27. cxd3 Bf4+ 28. Ke1 Rc1+ 29. Ke2 Rc2+ 0-1

[Event "TUR-ch"]
[Site "Antalya"]
[Date "2013.02.03"]
[Round "2"]
[White "Can, Emre"]
[Black "Menzi, Nezihe Ezgi"]
[Result "1-0"]
[WhiteElo "2460"]
[BlackElo "1872"]
[PlyCount "89"]
[EventDate "2013.02.02"]
[EventType "swiss"]
[EventRounds "11"]
[EventCountry "TUR"]
[SourceTitle "CBM 152 Extra"]
[Source "ChessBase"]
[SourceDate "2013.02.25"]
[SourceVersion "1"]
[SourceVersionDate "2013.02.25"]
[SourceQuality "1"]

1. d4 Nf6 2. c4 g6 3. Nc3 Bg7 4. e4 d6 5. Nf3 0-0 6. Be2 e5 7. d5 a5 8. h3 Na6 9. Bg5 h6 10. Be3 Nc5 11. Nd2 Nfd7 12. g4 Nb6 13. h4 c6 14. h5 g5 15. 0-0 Bd7 16. b3 cxd5 17. cxd5 Qe7 18. Qc1 Rfc8 19. Qa3 Nd3 20. Bxd3 Rxc3 21. Be2 Na4 22. Nb1 b5 23. Nxc3 Nxc3 24. Bf3 f5 25. Qb2 fxg4 26. Bg2 b4 27. a3 Bb5 28. Rfe1 Rf8 29. Bb6 Qf7 30. axb4 axb4 31. Ba5 Qxh5 32. Bxb4 g3 33. fxg3 Ne2+ 34. Rxe2 Bxe2 35. Bxd6 Re8 36. b4 Qg4 37. Re1 Bb5 38. Qf2 Rd8 39. Bc5 Ra8 40. Qf3 Qd7 41. Qh5 Ra3 42. Kh2 Ra2 43. Kh1 g4 44. Bf1 Ba4 45. Be2 1-0